[Event "Madrid ch - Final 2018"]
[Site "Madrid ESP"]
[Date "2018.06.01"]
[Round "7.11"]
[White "Fernandez Aransay, Fernando"]
[Black "Santamaria Baeza, Adolfo"]
[Result "1-0"]
[WhiteElo "1871"]
[BlackElo "1901"]
[PlyCount "169"]
[EventDate "2018.05.26"]
[EventType "swiss"]
[EventRounds "7"]
[EventCountry "ESP"]
[SourceTitle "Ajedrez en Madrid"]
[Source "lmi"]
[SourceDate "2018.05.26"]
[SourceVersion "1"]
[SourceVersionDate "2018.06.02"]
[SourceQuality "1"]

1. e4 e5 2. Nf3 Nc6 3. d4 d6 4. dxe5 Bg4 5. exd6 Bxd6 6. h3 Bh5 7. Bb5 Qe7 8.
Nc3 Nf6 9. O-O O-O 10. Bxc6 bxc6 11. Qd3 Rad8 12. Qe3 Bc5 13. Qf4 Bg6 14. Ne5
Qe6 15. Nxg6 fxg6 16. Qg5 Bd4 17. Bd2 Rb8 18. Rab1 Bxc3 19. Bxc3 Nxe4 20. Qe3
Qc4 21. Be5 Rf7 22. Rbd1 Nf6 23. Qxa7 Rbf8 24. Bd4 Qxc2 25. Qc5 Qa4 26. a3 Rd8
27. Qa7 Qxa7 28. Bxa7 Ra8 29. Bc5 Ne4 30. Be3 Rb8 31. f3 Ng3 32. Rf2 Re7 33.
Rd3 h5 34. h4 Rbe8 35. Kh2 Nf5 36. Bg5 Re2 37. Rxe2 Rxe2 38. Rd2 Re5 39. Bd8
Rb5 40. Kh3 Rb7 41. a4 Ne3 42. Rd3 Nd5 43. Ra3 Rxb2 44. Kg3 Kf7 45. a5 Rb8 46.
Bg5 Ra8 47. a6 Ra7 48. Bd2 c5 49. Be1 c4 50. Bf2 Nb6 51. Ra5 Ke6 52. Rg5 Kf7
53. Rc5 Ke8 54. Rxc4 Kd7 55. Ra4 Ra8 56. Ra5 Kc6 57. Rg5 Rxa6 58. Rxg6+ Kd5 59.
Rxg7 Na8 60. Rg5+ Kc6 61. Rxh5 Ra2 62. Re5 Kd6 63. Re4 c5 64. h5 Nc7 65. h6 Ra8
66. Kh4 Ne6 67. Rxe6+ Kxe6 68. Bxc5 Kf7 69. g4 Kg6 70. g5 Ra4+ 71. Kg3 Rc4 72.
Bd6 Rc6 73. Be5 Ra6 74. Kg4 Ra4+ 75. f4 Rb4 76. Kf3 Rb7 77. Ke4 Rd7 78. Bf6 Ra7
79. f5+ Kh7 80. Bd4 Re7+ 81. Kf4 Rd7 82. Bg7 Rd6 83. g6+ Kg8 84. Be5 Rd7 85.
h7+ 1-0